Land vs. Land #183 - Statistiken

Allgemein
  • Dieses Quiz wurde 16 mal gespielt
  • Das Durchschnittsergebnis liegt bei 12 aus 14
Antwortstatistiken
Frage Antwort % Korrekt
...Gesundheitswesen? Südkorea🇰🇷
100%
...durchschnittlicher IQ? Südkorea🇰🇷
100%
...Gewinner? Südkorea🇰🇷
100%
...Tourismus? Thailand🇹🇭
100%
...Bruttoinlandsprodukt? Südkorea🇰🇷
93%
...Bruttoinlandsprodukt pro Kopf? Südkorea🇰🇷
93%
...Militär? Südkorea🇰🇷
93%
...Exportmengen? Südkorea🇰🇷
87%
...Fläche? Thailand🇹🇭
87%
...Lebenserwartung? Südkorea🇰🇷
80%
...HDI (Human Development Index)? Südkorra🇰🇷
80%
...Happy Planet Index? Thailand🇹🇭
67%
...Einwohner? Thailand🇹🇭
47%
...Frieden? Südkorea🇰🇷
40%
Keine übereinstimmenden Quizze gefunden
Verteilung der Resultate
Anzahl Personen mit jedem Resultat
Perzentil nach korrekt beantworteten Fragen
Ihre Resultats-Entwicklung
Sie haben dieses Quiz noch nicht gespielt